| 000 | 01011cam a22002054a 4500 | ||
|---|---|---|---|
| 005 | 20250605163923.0 | ||
| 008 | 250528s ||||||||||||||||||||||||d | ||
| 035 | _a14465 | ||
| 020 | _a335196888 | ||
| 040 |
_aGR-AtMCL _bgre _dGR-AtMCL _eAACR2 |
||
| 245 | 1 | _aPain / Theory, Research and Intervention | |
| 260 |
_bOpen University Press, _c1998 |
||
| 300 | _a140 | ||
| 520 | _aThis book is designed to provide a key resource for advanced undergraduate and postgraduate courses in health psychology, clinical psychology and social psychology as well as students and practitioners in health and social welfare. Series Editors' Foreword, Preface, Theories of Pain, Pain Mechanisms, Laboratory Studies, Acute and Chronic Dimensions, Personal and Social and Cultural Factors, Measurements, Interventions, Conclusion, Glossary of Neurophysiological and Anatomical Terms, Bibliography, Index. | ||
| 700 | 1 |
_aHorn Sandra _9143 |
|
| 700 | 1 |
_aMunafo Marcus _9144 |
|
| 942 | _cBK | ||
| 999 |
_c95 _d95 |
||